Eutifrón
Đã lưu trong:
| Tác giả chính: | |
|---|---|
| Định dạng: | Sách |
| Ngôn ngữ: | Tiếng Tây Ban Nha |
| Được phát hành: |
Santiago
Universitaria
1997
|
| Loạt: | Colección Los clásicos
|
| Những chủ đề: | |
| Các nhãn: |
Thêm thẻ
Không có thẻ, Là người đầu tiên thẻ bản ghi này!
|
MARC
| LEADER | 00000nam a2200000 a 4500 | ||
|---|---|---|---|
| 001 | UCP1226 | ||
| 003 | CL-VaPUC | ||
| 008 | 990401e19970000CL |||||||||||||||||spa|d | ||
| 082 | 0 | 4 | |a 184 |b PLA |2 21 |
| 100 | 0 | |a Platón |e author |9 222 | |
| 245 | 1 | 0 | |a Eutifrón |
| 300 | |a 89 p | ||
| 942 | |c BK | ||
| 945 | |d 19990401 00:00:00 |a aarredon | ||
| 260 | |a Santiago |b Universitaria |c 1997 | ||
| 650 | 0 | |a Filosofía griega |9 265579 | |
| 650 | 0 | |a Filosofía antigua |9 255705 | |
| 650 | 0 | |a Platonismo |9 265673 | |
| 583 | |a last modification |c 20170531 12:23:48 |k Rodrigo Vera | ||
| 490 | 0 | |a Colección Los clásicos | |
| 999 | |c 279929 |d 279927 | ||
| 952 | |0 0 |1 0 |4 0 |6 184_000000000000000_PLA_1997 |7 0 |8 A |9 319856 |a BIBHIS |b BIBHIS |d 2019-11-20 |i 3509370 |o 184 PLA 1997 |p 3509370 |r 2025-01-20 |w 2019-11-20 |y BK |k HIS | ||